000 00530nam a22001577a 4500
008 230501b |||||||| |||| 00| 0 eng d
040 _aNational Science Library
_cNational Science Library
080 _a54(082.2)
_bL2.1
245 _aProceeding of the chemistry symposium 1972
260 _a[s.l]
_bDepartment of Atomic Energy,
_c1972
300 _a370p.
500 _3Vol 1 Radioisotope techniques for chemical and biomedical............Radiation chemistry
650 _aNuclear
653 _aChemistry
942 _2udc
_cPR
999 _c25701
_d25701